000 01413cam a22002773a 4500
001 3900
003 PGUSA
005 20140828083040.0
008 041027s2004||||xxu|||||s|||||000 | eng d
040 _aPGUSA
_beng
042 _adc
050 4 _aDC
245 1 0 _aCourt Memoirs of France Series — Complete
_h[electronic resource] /
_cVarious
260 _bProject Gutenberg,
_c2004
505 0 _aMemoirs of Marguerite de Valois, Queen of Navarre -- Memoirs of Jean François Paul de Gondi, Cardinal de Retz -- Memoirs of Madame la Marquise de Montespan -- Memoirs of the Court of Louis XIV. and of the Regency, by the Duchesse d'Orleans -- Memoirs of Louis XIV. and his Court, and of the Regency, by the Duke of Saint-Simon -- Memoirs of Louis XV. and XVI., by Madame du Hausset -- Memoirs of the Court of Marie Antoinette, by Madame Campan -- Memoirs of the Court of St. Cloud, by Stewarton.
506 _aPublic domain in the USA.
516 _aElectronic text
653 _aFrance -- History -- Consulate and First Empire, 1799-1815
653 _aPompadour, Jeanne Antoinette Poisson, marquise de, 1721-1764
653 _aFrance -- Court and courtiers
653 _aMarie Antoinette, Queen, consort of Louis XVI, King of France, 1755-1793
653 _aLouis XIV, King of France, 1638-1715
830 0 _aProject Gutenberg
_v3900
856 4 0 _uhttp://www.gutenberg.org/ebooks/3900
942 _cEB
999 _c233229
_d233229